| 000 | 00633nam a2200217 a 4500 | ||
|---|---|---|---|
| 001 | 16269 | ||
| 003 | CO-ViMGA | ||
| 008 | 141112s2004 ck r 000 u spa d | ||
| 020 | _a9580462585 | ||
| 040 |
_aCO-ViMGA _bspa _cCO-ViMGA |
||
| 082 | _aMCKp | ||
| 100 | 1 |
_aMcKee, David _93190 |
|
| 245 | 1 | 0 | _aEl principe Pedro y el oso de peluche |
| 260 |
_aBogotá : _bNorma, _c2001 |
||
| 300 | _a30.p.il | ||
| 490 | _aBuenas noches | ||
| 590 |
_aForma de adquisición : Premio - Mincultura; Compra 2005 - - Precio : _ 11.610 |
||
| 650 | 1 | 4 |
_aCUENTOS INFANTILES _92743 |
| 650 | 1 | 4 |
_aPRINCIPES - CUENTOS INFANTILES _95522 |
| 942 |
_2ddc _cBK |
||
| 999 |
_c10847 _d10847 |
||